Detalles MARC
| 000 -LEADER |
| fixed length control field |
02418nam a2200565Ii 4500 |
| 001 - CONTROL NUMBER |
| control field |
DIGCSIC0302 |
| 003 - CONTROL NUMBER IDENTIFIER |
| control field |
NyNyDIG |
| 008 - FIXED-LENGTH DATA ELEMENTS--GENERAL INFORMATION |
| fixed length control field |
170310s2014 sp a ob 000 0 spa d |
| 006 - FIXED-LENGTH DATA ELEMENTS--ADDITIONAL MATERIAL CHARACTERISTICS |
| fixed length control field |
m o d |
| 007 - PHYSICAL DESCRIPTION FIXED FIELD--GENERAL INFORMATION |
| fixed length control field |
cr ||||||||||| |
| 020 ## - INTERNATIONAL STANDARD BOOK NUMBER |
| International Standard Book Number |
9788400098506 |
| Qualifying information |
(eBook) |
| 020 ## - INTERNATIONAL STANDARD BOOK NUMBER |
| International Standard Book Number |
8400098501 |
| Qualifying information |
(eBook) |
| 020 ## - INTERNATIONAL STANDARD BOOK NUMBER |
| Canceled/invalid ISBN |
9788447215492 |
| Qualifying information |
(Universidad de Sevilla) |
| 020 ## - INTERNATIONAL STANDARD BOOK NUMBER |
| Canceled/invalid ISBN |
8447215490 |
| Qualifying information |
(Universidad de Sevilla) |
| 020 ## - INTERNATIONAL STANDARD BOOK NUMBER |
| Canceled/invalid ISBN |
9788400098353 |
| Qualifying information |
(CSIC) |
| 020 ## - INTERNATIONAL STANDARD BOOK NUMBER |
| Canceled/invalid ISBN |
8400098358 |
| Qualifying information |
(CSIC) |
| 020 ## - INTERNATIONAL STANDARD BOOK NUMBER |
| Canceled/invalid ISBN |
9788477983552 |
| Qualifying information |
(Diputación de Sevilla) |
| 020 ## - INTERNATIONAL STANDARD BOOK NUMBER |
| Canceled/invalid ISBN |
8477983550 |
| Qualifying information |
(Diputación de Sevilla) |
| 024 7# - OTHER STANDARD IDENTIFIER |
| Standard number or code |
723-14-092-6 |
| Source of number or code |
nipo |
| 024 7# - OTHER STANDARD IDENTIFIER |
| Standard number or code |
723-14-093-1 |
| Qualifying information |
(e-NIPO) |
| Source of number or code |
nipo |
| 035 ## - SYSTEM CONTROL NUMBER |
| System control number |
(OCoLC)904551170 |
| 040 ## - CATALOGING SOURCE |
| Original cataloging agency |
DGITA |
| Language of cataloging |
eng |
| Description conventions |
rda |
| -- |
pn |
| Transcribing agency |
DGITA |
| 043 ## - GEOGRAPHIC AREA CODE |
| Geographic area code |
e-sp--- |
| 050 14 - LIBRARY OF CONGRESS CALL NUMBER |
| Classification number |
PQ7297.F793 eBook |
| 082 14 - DEWEY DECIMAL CLASSIFICATION NUMBER |
| Classification number |
863 |
| 100 1# - MAIN ENTRY--PERSONAL NAME |
| Personal name |
Demeyer, Lise, |
| Relator term |
author. |
| 245 14 - TITLE STATEMENT |
| Title |
Las fronteras en la obra de Carlos Fuentes : |
| Remainder of title |
la historia, la sociedad y el individuo en México bajo el prisma de un espejo deformante / |
| Statement of responsibility, etc. |
Lise Demeyer. |
| 264 #1 - PRODUCTION, PUBLICATION, DISTRIBUTION, MANUFACTURE, AND COPYRIGHT NOTICE |
| Place of production, publication, distribution, manufacture |
Madrid : |
| Name of producer, publisher, distributor, manufacturer |
Consejo Superior de Investigaciones Científicas ; |
| Place of production, publication, distribution, manufacture |
Sevilla : |
| Name of producer, publisher, distributor, manufacturer |
Universidad de Sevilla : |
| -- |
Diputación de Sevilla, |
| Date of production, publication, distribution, manufacture, or copyright notice |
2014. |
| 300 ## - PHYSICAL DESCRIPTION |
| Extent |
1 online resource : |
| Other physical details |
illustrations. |
| 336 ## - CONTENT TYPE |
| Content type term |
text |
| Content type code |
txt |
| Source |
rdacontent |
| 337 ## - MEDIA TYPE |
| Media type term |
computer |
| Media type code |
c |
| Source |
rdamedia |
| 338 ## - CARRIER TYPE |
| Carrier type term |
online resource |
| Carrier type code |
cr |
| Source |
rdacarrier |
| 490 1# - SERIES STATEMENT |
| Series statement |
Colección Americana ; |
| Volume/sequential designation |
núm. 54 |
| 490 1# - SERIES STATEMENT |
| Series statement |
Serie Nuestra América ; |
| Volume/sequential designation |
núm. 37 |
| 504 ## - BIBLIOGRAPHY, ETC. NOTE |
| Bibliography, etc. note |
Includes bibliographical references. |
| 588 0# - SOURCE OF DESCRIPTION NOTE |
| Source of description note |
Online resource; title from PDF title page (Digitalia, viewed March 10, 2017) |
| 600 10 - SUBJECT ADDED ENTRY--PERSONAL NAME |
| Personal name |
Fuentes, Carlos |
| General subdivision |
Criticism and interpretation. |
| 600 10 - SUBJECT ADDED ENTRY--PERSONAL NAME |
| Personal name |
Fuentes, Carlos |
| General subdivision |
Philosophy. |
| 650 #0 - SUBJECT ADDED ENTRY--TOPICAL TERM |
| Topical term or geographic name entry element |
Boundaries in literature. |
| 650 #0 - SUBJECT ADDED ENTRY--TOPICAL TERM |
| Topical term or geographic name entry element |
Mexican literature |
| General subdivision |
History and criticism. |
| 655 #0 - INDEX TERM--GENRE/FORM |
| Genre/form data or focus term |
Electronic books. |
| 776 08 - ADDITIONAL PHYSICAL FORM ENTRY |
| Relationship information |
Print version: |
| Main entry heading |
Demeyer, Lise. |
| Title |
Fronteras en la obra de Carlos Fuentes. |
| Place, publisher, and date of publication |
Madrid : Consejo Superior de Investigaciones Científicas, 2014 |
| International Standard Book Number |
9788400098353 |
| Record control number |
(DLC) 2014414667 |
| -- |
(OCoLC)894896217 |
| 793 0# - |
| -- |
Digitalia eBook Collection: |
| -- |
Editorial CSIC |
| 791 2# - |
| -- |
Digitalia (Firm), |
| -- |
distributor. |
| 830 #0 - SERIES ADDED ENTRY--UNIFORM TITLE |
| Uniform title |
Colección Americana (Seville, Spain) ; |
| Volume/sequential designation |
núm. 54. |
| 830 #0 - SERIES ADDED ENTRY--UNIFORM TITLE |
| Uniform title |
Nuestra América (Seville, Spain) ; |
| Volume/sequential designation |
no. 37. |
| 856 40 - ELECTRONIC LOCATION AND ACCESS |
| Materials specified |
Digitalia Hispánica |
| Uniform Resource Identifier |
<a href="https://www.digitaliapublishing.com/a/42678/">https://www.digitaliapublishing.com/a/42678/</a> |
| 910 ## - USER-OPTION DATA (OCLC) |
| User-option data |
Premium collection: 2017 |
| 942 ## - ADDED ENTRY ELEMENTS (KOHA) |
| Koha item type |
Recurso Electrónico |